| 000 | 00723nam a2200193 a 4500 | ||
|---|---|---|---|
| 005 | 20210223120830.0 | ||
| 008 | 991125s1960 mx 000 0 spa u | ||
| 035 | _aUPN01000008054 | ||
| 049 | _aSEP | ||
| 050 | 4 |
_aLC6581 M623 _bC53 |
|
| 100 | 1 | _aMartínez Acosta, Emilia | |
| 245 | 1 | 0 |
_aCiencias sociales : _btercer curso, segundo bimestre / _cEmilia Martínez Acosta, Felipe Consuelo Alanís. |
| 260 |
_aMéxico : _bSEP, Dirección General de Educación Audiovisual, _c[196-]. |
||
| 300 | _a62 p. | ||
| 500 | _a"SEP, Dirección General de Educación Audiovisual, Departamento de Telesecundaria" | ||
| 650 | 4 |
_aTELEVISION EN LA EDUCACION SECUNDARIA _919326 |
|
| 700 | 1 |
_aConsuelo Alanís, Felipe, _ecoaut. |
|
| 905 | _aLibro | ||
| 999 |
_c8054 _d8054 |
||